South American Geography by Letter - T - Statistics

General Stats
  • This quiz has been taken 49 times
  • The average score is 6 of 16
Answer Stats
Clue Answer % Correct
Largest lake in South America, located 3812 meters above sea level Lake Titicaca
98%
Tropical bird known for its huge and brightly-colored beak Toucan
88%
The largest living species of this animal is found on the Galápagos Archipelago Tortoise
86%
Music and dance style from the Río de la Plata region Tango
67%
Third largest city in Peru (hint: also a dictator of the Dominican Republic) Trujillo
35%
Southernmost Argentine province Tierra del Fuego
30%
Newest state of Brazil, which separated from Goiás in 1988 Tocantins
28%
National park in the Chilean Patagonia with towering granite peaks {Torres} del Paine
28%
Small monkey species that appears to have a drooping mustache Emperor {tamarin}
26%
State capital of Piauí in Northeast Brazil Teresina
26%
Pemon term for a table-top mountain in the Guiana Highlands Tepui
16%
Province of Argentina known for its distinct empanadas Tucumán
14%
River that flows through São Paulo {Tietê} River
9%
Park in Rio de Janeiro which is often considered the world's biggest urban forest {Tijuca} National Park
9%
Main language group of Brazil's Atlantic coast when the Portuguese arrived Tupi
9%
Major tributary of the Amazon River that ends in Santarém {Tapajós} River
7%
No matching quizzes found
Score Distribution
Percent of People with Each Score
Percentile by Number Answered
Your Score History
You have not taken this quiz